000 00827cam a2200217 4500
001 WB3625-05
008 000000n2000 000 0 eng u
035 _a(Sirsi) u106771
245 _aRetailers hope rents can fall as well as rise
260 _c2000
490 _aBirmingham Post
_v 23 June 2000, 25(1)
520 _aThe problem of rising rents is being increasingly recognised as a problem by the property industry according to Mr Nigel Hall, the finance director of Arcadia. He said the industry is more willing to listen to retailers' appeals for the renogotiation of leases.
590 _aWB
650 _aRETAIL RENTS
650 _aRETAIL PROPERTY
650 _aRETAILERS
650 _aARCADIA
650 _aUPWARD ONLY RENT REVIEWS
690 _aPROPERTY-COMMERCIAL PROPERTY-RETAIL PROPERTY
942 _n0
999 _c63901
_d63901